000 02202nam a2200313 4500
003 EC-UNACH
005 20251007122831.0
006 s||||gr|||| 00| 00
008 150116t9999 mx r gr 000 0 spa d
020 _a978-958-648-486-2
040 _aEC-UNACH
_cEC-UNACH
041 _aspa
082 0 4 _223
_a620.86
_bL011561
110 _aEcoe Ediciones
245 _aRiesgos Físicos III : Temperaturas Extremas y Ventilación
250 _aReimpresión edición
264 _aBogotá
_bEcoe Ediciones
_c2008
300 _a140 páginas
_bFiguras
505 _aPRIMERA PARTE. TEMPERATURAS EXTREMAS -- Calor -- Frío -- Fisiología -- Sistema aislante del organismo -- Equilibrio entre la producción y la pérdida de calor -- Mecanismo para reducir la temperatura corporal. Glosario de términos Calor -- Conducción -- Convección -- Radiación -- Evaporación -- Confort térmico -- Temperatura del aire -- Velocidad de movimiento del aire -- Contenido de humedad del aire -- Temperatura radiante de sólidos vecinos -- Unidades de calor. Perturbaciones debidas al calor Tensión térmica -- Golpe de calor -- Síncope por calor (colapso debido al calor) -- Postración anhidrótica por el calor (deshidratación) -- Postración de calor con depleción de sal -- Calambres por el calor -- Enfermedades de las glándulas sudoríparas. Fatiga transitoria por el calor Edema por calor -- Otros efectos del calor -- Medición de factores ambientales -- Temperatura del aire -- Humedad del aire -- Velocidad de movimiento del aire -- Calor radiante -- Termómetro de bulbo húmedo para ""condiciones naturales"" Requisitos y procedimientos Tipos y características de los equipos -- Medidor de temperaturas -- Medidor de humedad -- Medidor de velocidad del aire -- Medidor de calor radiante -- Medidor de estrés térmico -- Índice de temperatura de globo y bulbo húmedo (TGBH).
650 _aFISIOLOGÍA
650 _aUNIDADES DE CALOR
650 _aAIRE ATMOSFÉRICO
650 _aTEMPERATURAS EXTREMAS
700 _aHenao Robledo, Fernando
942 _c1
_2ddc
999 _c13989